[Event "Villa Tehuelches Cuarto op"]
[Site "Villa Tehuelches"]
[Date "2018.07.14"]
[Round "7"]
[White "Mussanti, Diego"]
[Black "Bravo, Jose Maria"]
[Result "1-0"]
[WhiteElo "2279"]
[BlackElo "2142"]
[PlyCount "54"]
[EventDate "2018.07.11"]
[EventType "swiss"]
[EventRounds "7"]
[EventCountry "CHI"]
[SourceTitle "EXT 2020"]
[Source "ChessBase"]
[SourceDate "2019.10.17"]
[SourceVersion "1"]
[SourceVersionDate "2019.10.17"]
[SourceQuality "1"]

1. e4 d5 2. exd5 Qxd5 3. Nc3 Qa5 4. d4 c6 5. Nf3 Nf6 6. Bc4 Bf5 7. Ne5 e6 8. Bd2 Nbd7 9. Qe2 Qc7 10. 0-0-0 Nxe5 11. dxe5 Nd5 12. g4 Bg6 13. f4 Bb4 14. Nxd5 Bxd2+ 15. Rxd2 exd5 16. f5 dxc4 17. Qxc4 Rd8 18. Rxd8+ Qxd8 19. fxg6 Qg5+ 20. Kb1 Qxg6 21. Qb4 b6 22. Rd1 Qe6 23. Qe4 0-0 24. Rd6 Qe7 25. Rxc6 Re8 26. a3 g6 27. e6 fxe6 1-0

[Event "Villa Tehuelches Cuarto op"]
[Site "Villa Tehuelches"]
[Date "2018.07.13"]
[Round "6"]
[White "Bravo, Jose Maria"]
[Black "Poblete Rojas, Pablo"]
[Result "1-0"]
[WhiteElo "2142"]
[BlackElo "1960"]
[PlyCount "64"]
[EventDate "2018.07.11"]
[EventType "swiss"]
[EventRounds "7"]
[EventCountry "CHI"]
[SourceTitle "EXT 2020"]
[Source "ChessBase"]
[SourceDate "2019.10.17"]
[SourceVersion "1"]
[SourceVersionDate "2019.10.17"]
[SourceQuality "1"]

1. d4 d5 2. Bf4 Nf6 3. e3 c5 4. c3 Nc6 5. Nf3 Qb6 6. b3 Bf5 7. Bd3 Bxd3 8. Qxd3 e6 9. Nbd2 Be7 10. 0-0 0-0 11. h3 Rac8 12. Bg3 Nd7 13. Rac1 Bf6 14. Rfe1 cxd4 15. exd4 Qa5 16. Rc2 b5 17. b4 Qa4 18. Nb3 a5 19. Nc5 Nxc5 20. bxc5 b4 21. Bd6 bxc3 22. Rxc3 Nxd4 23. Nxd4 Qxd4 24. Qxd4 Bxd4 25. Rd3 Bxc5 26. Bxf8 Kxf8 27. Kf1 Ke7 28. Rc1 Kd6 29. Rdc3 Rc7 30. Re1 a4 31. Ke2 a3 32. f3 Ra7 1-0

[Event "Villa Tehuelches op"]
[Site "Villa Tehuelches"]
[Date "2017.07.13"]
[Round "5"]
[White "Bravo, Jose Maria"]
[Black "Arias, Juan Carlos"]
[Result "1/2-1/2"]
[WhiteElo "2155"]
[BlackElo "2099"]
[PlyCount "21"]
[EventDate "2017.07.11"]
[EventType "swiss"]
[EventRounds "7"]
[EventCountry "CHI"]
[SourceTitle "EXT 2018"]
[Source "ChessBase"]
[SourceDate "2017.10.13"]
[SourceVersion "1"]
[SourceVersionDate "2017.10.13"]
[SourceQuality "1"]

1. d4 Nf6 2. Nf3 b6 3. g3 Bb7 4. Bg2 e6 5. Nbd2 Be7 6. b3 0-0 7. Bb2 c5 8. 0-0 d5 9. e3 Nbd7 10. c4 Rc8 11. Rc1 1/2-1/2

[Event "Villa Ballester op 48th"]
[Site "Villa Ballester"]
[Date "1998.??.??"]
[Round "9"]
[White "Bravo, Jose Maria"]
[Black "Garbarino, Rodolfo"]
[Result "0-1"]
[WhiteElo "2060"]
[BlackElo "2395"]
[PlyCount "66"]
[EventDate "1998.??.??"]
[EventType "swiss"]
[EventRounds "9"]
[EventCountry "ARG"]
[SourceTitle "EXT 2002"]
[Source "ChessBase"]
[SourceDate "2001.11.25"]
[SourceVersion "1"]
[SourceVersionDate "2001.11.25"]
[SourceQuality "1"]

1. e4 c5 2. Nf3 e6 3. c4 Nc6 4. Nc3 Nf6 5. Be2 d5 6. cxd5 exd5 7. exd5 Nxd5 8. 0-0 Be7 9. d4 0-0 10. Nxd5 Qxd5 11. Be3 c4 12. Ne5 Nxe5 13. dxe5 Qxe5 14. Bd4 Qf4 15. Be3 Qe5 16. Bd4 Qc7 17. Qc2 Be6 18. Qc3 f6 19. Rac1 b5 20. Bf3 Rae8 21. Rfe1 Bf7 22. Be4 Bc5 23. Re3 Bxd4 24. Qxd4 Rd8 25. Bxh7+ Kxh7 26. Rh3+ Kg8 27. Qe4 Rfe8 28. Qh7+ Kf8 29. Rf3 Qe5 30. Qh8+ Bg8 31. h4 Rd3 32. h5 Rxf3 33. h6 Qg5 0-1

[Event "Villa del Parque ITT"]
[Site "Villa del Parque"]
[Date "1998.??.??"]
[Round "1"]
[White "Bravo, Jose Maria"]
[Black "Minzer, Claudio Javier"]
[Result "0-1"]
[WhiteElo "2070"]
[BlackElo "2380"]
[PlyCount "52"]
[EventDate "1998.??.??"]
[EventType "tourn"]
[EventRounds "14"]
[EventCountry "ARG"]
[EventCategory "2"]
[SourceTitle "EXT 2001"]
[Source "ChessBase"]
[SourceDate "2000.11.22"]
[SourceVersion "1"]
[SourceVersionDate "2000.11.22"]
[SourceQuality "1"]

1. c4 d6 2. g3 g6 3. Nf3 Bg7 4. Bg2 Nc6 5. Nc3 Nf6 6. Rb1 a5 7. 0-0 0-0 8. a3 e5 9. d3 Nh5 10. b4 axb4 11. axb4 f5 12. Qb3 Kh8 13. Bg5 Qd7 14. b5 Nd8 15. Nd5 Ne6 16. Bd2 h6 17. e3 g5 18. Bc3 Qf7 19. Nd2 f4 20. g4 Nc5 21. Qd1 Nf6 22. Nxf6 Qxf6 23. Ne4 Nxe4 24. Bxe4 f3 25. h3 h5 26. gxh5 g4 0-1

[Event "Villa del Parque ITT"]
[Site "Villa del Parque"]
[Date "1998.??.??"]
[Round "6"]
[White "De Dovitiis, Alejo"]
[Black "Bravo, Jose Maria"]
[Result "0-1"]
[WhiteElo "2350"]
[BlackElo "2070"]
[PlyCount "132"]
[EventDate "1998.??.??"]
[EventType "tourn"]
[EventRounds "14"]
[EventCountry "ARG"]
[EventCategory "2"]
[SourceTitle "EXT 2001"]
[Source "ChessBase"]
[SourceDate "2000.11.22"]
[SourceVersion "1"]
[SourceVersionDate "2000.11.22"]
[SourceQuality "1"]

1. e4 c6 2. d4 d5 3. exd5 cxd5 4. Bd3 Nc6 5. c3 Nf6 6. Bf4 Bg4 7. Qb3 Qd7 8. Nd2 e6 9. Ngf3 Bd6 10. Be5 Qc7 11. 0-0 Bxe5 12. Nxe5 Nxe5 13. dxe5 Nd7 14. Qa4 Bh5 15. Qh4 Bg6 16. Bxg6 fxg6 17. Qh3 Qxe5 18. Rae1 Qf5 19. Rxe6+ Kf7 20. Nf3 Rhe8 21. Rxe8 Rxe8 22. Qxh7 Ne5 23. Nd4 Qf4 24. Qh3 Qd2 25. f4 Nd3 26. Qd7+ Re7 27. Qxd5+ Ke8 28. Qf3 Re3 29. Qd1 Qxb2 30. Nc2 Qb6 31. Kh1 Nb2 32. Qd5 Re7 33. h3 Qa6 34. Rf2 Nc4 35. Nb4 Qb6 36. Rf1 Qe6 37. Qb5+ Kf8 38. Nd5 Nd6 39. Qb3 Rd7 40. Nb6 Re7 41. Qxe6 Rxe6 42. Nd7+ Ke7 43. Ne5 g5 44. Re1 gxf4 45. Ng6+ Kf6 46. Rxe6+ Kxe6 47. Nxf4+ Ke5 48. g3 Ne4 49. Ne2 b5 50. Kg2 a5 51. Kf3 Ng5+ 52. Ke3 Nxh3 53. Nd4 Kd5 54. Nxb5 Kc4 55. a4 Kb3 56. Kd4 Kxa4 57. Kc4 Nf2 58. Nd6 Ka3 59. Kb5 a4 60. c4 Nd3 61. c5 Nb4 62. c6 Nd5 63. Nc4+ Kb3 64. Ka5 a3 65. Ne3 Nxe3 66. c7 Nc4+ 0-1

[Event "Torre Blanca op"]
[Site "Buenos Aires"]
[Date "1997.??.??"]
[Round "3"]
[White "Bravo, Jose Maria"]
[Black "Castelli, Raul A"]
[Result "1/2-1/2"]
[WhiteElo "2060"]
[BlackElo "2200"]
[PlyCount "69"]
[EventDate "1997.??.??"]
[EventType "swiss"]
[EventRounds "9"]
[EventCountry "ARG"]
[SourceTitle "EXT 1999"]
[Source "ChessBase"]
[SourceDate "1998.11.16"]
[SourceVersion "1"]
[SourceVersionDate "1998.11.16"]
[SourceQuality "1"]

1. e4 e5 2. Nc3 Nc6 3. Bc4 Nf6 4. f4 d6 5. Nf3 Be6 6. Bb5 Bd7 7. 0-0 a6 8. Bc4 Be6 9. Be2 Bg4 10. Nxe5 Nxe5 11. fxe5 Bxe2 12. Qxe2 dxe5 13. d3 Bc5+ 14. Kh1 Qd7 15. Bg5 Ng4 16. Rf5 h5 17. Nd5 f6 18. Be3 Bxe3 19. Nxe3 Nxe3 20. Qxe3 b6 21. Qh3 h4 22. Raf1 0-0-0 23. R5f3 Qxh3 24. Rxh3 Kd7 25. Kg1 Ke6 26. Kf2 g6 27. Re3 c5 28. h3 Rd7 29. g4 hxg3+ 30. Rxg3 g5 31. Kg2 Rdh7 32. Rff3 Rh4 33. b3 a5 34. a4 R8h7 35. Re3 1/2-1/2